Normal view
MARC view
- US Env Protection Agency
Entry Personal Name
001 - CONTROL NUMBER
- control field: 20037
003 - CONTROL NUMBER IDENTIFIER
- control field: NUST
005 - DATE AND TIME OF LATEST TRANSACTION
- control field: 20190906044201.0
008 - FIXED-LENGTH DATA ELEMENTS
- fixed length control field: 190906|| aca||aabn | a|a d
040 ## - CATALOGING SOURCE
- Original cataloging agency: NUST
- Transcribing agency: NUST
100 ## - HEADING--PERSONAL NAME
- Personal name: US Env Protection Agency
670 ## - SOURCE DATA FOUND
- Source citation: Work cat.: (NUST)0: US Env Protection Agency, The economic impact of noise., 1971.
